British politics in the 1930s and 1940s /

Bibliographic Details
Main Author: Adelman, Paul
Format: Book
Language:English
Published: Cambridge [Cambridgeshire] ; New York : Cambridge University Press, 1987.
Series:Cambridge topics in history.
Subjects:

MARC

Tag First Indicator Second Indicator Subfields
LEADER 00000cam a2200000 a 4500
001 in00000017937
005 20151007053112.0
008 860410s1987 enka b 00110 eng
010 |a  86009670  
020 |a 0521317290 (pbk.) 
035 |a (OCoLC)13497976 
035 |9 AAB0416AM 
040 |a DLC  |c DLC  |d TXA  |d UtOrBLW 
043 |a e-uk--- 
049 |a TXAM  |c [A11082884] 
050 0 0 |a DA578  |b .A34 1987 
082 0 |a 941.08  |2 19 
100 1 |a Adelman, Paul. 
245 1 0 |a British politics in the 1930s and 1940s /  |c Paul Adelman. 
264 1 |a Cambridge [Cambridgeshire] ;  |a New York :  |b Cambridge University Press,  |c 1987. 
300 |a 100 pages :  |b illustrations ;  |c 23 cm. 
336 |a text  |b txt  |2 rdacontent 
337 |a unmediated  |b n  |2 rdamedia 
338 |a volume  |b nc  |2 rdacarrier 
490 1 |a Cambridge topics in history 
504 |a Includes bibliographies and index. 
651 0 |a Great Britain  |x Politics and government  |y 1910-1936. 
651 0 |a Great Britain  |x Politics and government  |y 1936-1945. 
651 0 |a Great Britain  |x Politics and government  |y 1945-1964. 
830 0 |a Cambridge topics in history. 
999 |a MARS 
999 f f |s 7483e488-1814-38c4-a3bc-158916362596  |i 50470175-fc60-3015-bf77-8aab7f55e0cc  |t 0 
952 f f |p ric  |a Texas A&M University  |b Rellis Campus  |c Joint Library Facility  |d Remote Storage  |t 0  |e DA578 .A34 1987  |h Library of Congress classification  |i unmediated -- volume  |m A14811082884 
998 f f |a DA578 .A34 1987  |t 0  |l Remote Storage